00598nam a22001817a 450000500170000001000130001702000260003003500130005603700360006908200120010510000220011724501340013926000480027327000440032130000200036550000100038570000210039520120809143344.0 aB-447080 a9788130900841c695.00 aB-447080 adplbResearchco Book centre/Ven a321.009 aOpello, Walter C. aThe nation state and global order;ba historical introduction to contemporary Politics/cby Walter C. Opello and Stephen J. Rosow aNew DelhibViva books private limitedc2005 a4262/3 Ansari Road daryaganjbNew Delhi a319p.c23cm(HB) aindex astephen j. rosow